| 000 -LEADER | |
|---|---|
| fixed length control field | 00373nam a22001577a 4500 |
| 005 - DATE AND TIME OF LATEST TRANSACTION | |
| control field | 20190527151416.0 |
| 008 - FIXED-LENGTH DATA ELEMENTS--GENERAL INFORMATION | |
| fixed length control field | 190527b xxu||||| |||| 00| 0 eng d |
| 020 ## - INTERNATIONAL STANDARD BOOK NUMBER | |
| ISBN | 978-93-5164-525-2 |
| 041 ## - LANGUAGE CODE | |
| Language code of text/sound track or separate title | eng |
| 100 ## - MAIN ENTRY--AUTHOR NAME | |
| Personal name | PAWAR, DR, ATMARAM |
| 245 ## - TITLE STATEMENT | |
| Title | PHARMACEUTICS-II |
| 250 ## - EDITION STATEMENT | |
| Edition statement | 4th ED, 2018 |
| 260 ## - PUBLICATION, DISTRIBUTION, ETC. (IMPRINT) | |
| Place of publication | PUNE |
| Name of publisher | NIRALI PRAKASHAN |
| 300 ## - PHYSICAL DESCRIPTION | |
| Number of Pages | 8.16p, |
| 942 ## - ADDED ENTRY ELEMENTS (KOHA) | |
| Koha item type | Books |
| Lost status | Damaged status | Collection code | Home library | Current library | Shelving location | Date acquired | Source of acquisition | Cost, normal purchase price | Full call number | Accession Number | Koha item type |
|---|---|---|---|---|---|---|---|---|---|---|---|
| Reference | JRU Library | JRU Library | SHELF-4-C | 27/05/2019 | PURCHESS | 110.00 | 615.1 | 22745 | Books | ||
| PHARMACY | JRU Library | JRU Library | Shelf - 23- C | 27/05/2019 | PURCHESS | 110.00 | 615.1 | 22746 | Books | ||
| PHARMACY | JRU Library | JRU Library | Shelf - 23- C | 27/05/2019 | PURCHESS | 110.00 | 615.1 | 22747 | Books |